000 00470nam a2200157 i 4500
001 181281
003 ES-MaACL
005 20230906221323.0
008 121204d18501899fr |||| | fre d
100 0 _aAimard, Gustave.
_918974
245 1 4 _aLes trappeurs de l'Arkansas /
_cpar Gustave Aimard.
260 _aParis :
_bAmyot,
_c[18-?]
300 _a512 p. :
_bil. ;
_c28 cm.
597 _aTexto a dos columnas.
852 _aES-MaACL
_jC-2328
_z.- Legado M. de la Fuente
999 _c181281
_d181281